[Event "Scarborough CC Ridout mem. Swiss"]
[Site "Toronto CAN"]
[Date "2023.09.21"]
[Round "2.3"]
[White "Ajith, Aayush"]
[Black "Kola, Venkat Karthikeya R"]
[Result "0-1"]
[WhiteElo "2154"]
[BlackElo "1651"]
[PlyCount "63"]
[EventDate "2023.09.14"]
[EventType "swiss"]
[EventRounds "6"]
[EventCountry "CAN"]

1. e4 c5 2. Nf3 d6 3. d4 cxd4 4. Nxd4 Nf6 5. Nc3 a6 6. Be2 e5 7. Nb3 Be6 8. Bf3
b5 9. O-O Nbd7 10. Re1 Be7 11. Nd5 Nxd5 12. exd5 Bf5 13. c3 O-O 14. a4 bxa4 15.
Rxa4 Nb6 16. Ra1 Bd7 17. Be2 Qc8 18. Na5 Bd8 19. Be3 f5 20. f3 Qc7 21. c4 Na4
22. b4 Nc3 23. Qc2 Nxe2+ 24. Qxe2 Rb8 25. Qd2 f4 26. Bf2 Bf6 27. Ra2 Rfe8 28.
c5 Bb5 29. c6 Bd8 30. Rc2 Qf7 31. Qc1 Bxa5 32. bxa5 0-1

[Event "Scarborough CC Ridout mem. Swiss"]
[Site "Toronto CAN"]
[Date "2023.09.21"]
[Round "2.4"]
[White "Guo, Anni"]
[Black "Chamberland, Luc"]
[Result "1/2-1/2"]
[WhiteElo "1995"]
[BlackElo "1654"]
[PlyCount "76"]
[EventDate "2023.09.14"]
[EventType "swiss"]
[EventRounds "6"]
[EventCountry "CAN"]

1. e4 e6 2. d4 d5 3. Nc3 Nf6 4. Bg5 Bb4 5. e5 h6 6. Bd2 Bxc3 7. bxc3 Ne4 8. Bd3
Nxd2 9. Qxd2 b6 10. Ne2 c5 11. Ng3 Ba6 12. O-O Bxd3 13. Qxd3 Nd7 14. f4 g6 15.
Rae1 c4 16. Qf3 Qe7 17. a4 a6 18. Re2 O-O 19. Qg4 Kh7 20. f5 exf5 21. Nxf5 Qe6
22. Ne3 Rae8 23. Qf3 Nxe5 24. dxe5 Qxe5 25. Rfe1 Qxc3 26. Nxd5 Qxe1+ 27. Rxe1
Rxe1+ 28. Kf2 Re6 29. Qf4 b5 30. axb5 axb5 31. Nc7 Rb6 32. Qd4 Rb7 33. Qf4 f5
34. Qd6 Rf7 35. Nd5 b4 36. Nf4 Rg7 37. Ne6 Rge7 38. Nd8 Red7 1/2-1/2

[Event "Scarborough CC Ridout mem. Swiss"]
[Site "Toronto CAN"]
[Date "2023.09.21"]
[Round "2.5"]
[White "Lawless, David"]
[Black "Desikan, Ajith"]
[Result "1-0"]
[WhiteElo "1932"]
[BlackElo "1648"]
[PlyCount "95"]
[EventDate "2023.09.14"]
[EventType "swiss"]
[EventRounds "6"]
[EventCountry "CAN"]

1. e4 c5 2. Nc3 d6 3. g3 Nf6 4. Bg2 Nc6 5. d3 Bg4 6. f3 Bd7 7. Nge2 e6 8. f4
Qc7 9. O-O Nd4 10. h3 Nxe2+ 11. Qxe2 Bc6 12. g4 Be7 13. f5 e5 14. g5 Nd7 15.
Nd5 Bxd5 16. exd5 f6 17. Qh5+ Kf8 18. h4 Qd8 19. b3 Qe8 20. Qg4 Qf7 21. Be4 Ke8
22. Bd2 Nb6 23. c4 h6 24. g6 Qf8 25. a4 Bd8 26. Rfb1 Rb8 27. Qd1 Qe7 28. b4 Qc7
29. Be3 Nd7 30. Qb3 b6 31. Ra2 Ke7 32. Kf2 Re8 33. Rab2 Rc8 34. Qd1 Kf8 35. Qh5
Nb8 36. Rg1 Qe7 37. Bxh6 gxh6 38. g7+ Qxg7 39. Rxg7 Kxg7 40. Ke3 Rh8 41. Rg2+
Kf8 42. Rg6 Nd7 43. Rxh6 Rxh6 44. Qxh6+ Kf7 45. Bf3 Nb8 46. Qh7+ Kf8 47. Bh5
Rc7 48. Qh8+ 1-0

[Event "Scarborough CC Ridout mem. Swiss"]
[Site "Toronto CAN"]
[Date "2023.09.21"]
[Round "2.6"]
[White "De Costa, Benjamin"]
[Black "Ajith, Aarush"]
[Result "1-0"]
[WhiteElo "1618"]
[BlackElo "1679"]
[PlyCount "71"]
[EventDate "2023.09.14"]
[EventType "swiss"]
[EventRounds "6"]
[EventCountry "CAN"]

1. d4 Nf6 2. c4 e6 3. Nf3 d5 4. Bg5 b6 5. e3 Bb7 6. cxd5 exd5 7. Bd3 Nbd7 8.
Ne5 Be7 9. Bb5 O-O 10. Nc6 Bxc6 11. Bxc6 Rb8 12. Nc3 Ne8 13. Bxe7 Qxe7 14. Bxd5
Nef6 15. Bf3 Rfe8 16. O-O a6 17. Bc6 Qd6 18. Qf3 Re6 19. Rac1 b5 20. Nd5 Nxd5
21. Qxd5 Nf6 22. Qxd6 cxd6 23. Bf3 h6 24. Rc6 a5 25. d5 Re5 26. Rxd6 a4 27. Rd1
Kf8 28. Rc6 Ke8 29. d6 Kd7 30. Rc7+ Ke6 31. Re7+ Kf5 32. g4+ Nxg4 33. Bxg4+ Kf6
34. Rxe5 Kxe5 35. f4+ Ke4 36. Kf2 1-0

[Event "Scarborough CC Ridout mem. Swiss"]
[Site "Toronto CAN"]
[Date "2023.09.28"]
[Round "3.1"]
[White "Zhong, Ryan Yunhui"]
[Black "Yang, Larry"]
[Result "0-1"]
[WhiteElo "2035"]
[BlackElo "2122"]
[PlyCount "128"]
[EventDate "2023.09.14"]
[EventType "swiss"]
[EventRounds "6"]
[EventCountry "CAN"]

1. e4 e5 2. Nf3 Nc6 3. d4 exd4 4. Nxd4 Nf6 5. Nc3 Bb4 6. Nxc6 bxc6 7. Bd3 d5 8.
exd5 cxd5 9. O-O O-O 10. Bg5 c6 11. Qf3 Be7 12. h3 h6 13. Bf4 Bd6 14. Ne2 Rb8
15. b3 c5 16. Rad1 Bb7 17. Bxd6 Qxd6 18. Ng3 d4 19. Ne4 Nxe4 20. Bxe4 Bxe4 21.
Qxe4 Rfe8 22. Qd3 Re6 23. Rd2 Qb6 24. c3 Rd6 25. cxd4 cxd4 26. Rfd1 Qb4 27. Rc2
Qa5 28. Rdc1 Qa6 29. Rd2 Qxd3 30. Rxd3 Ra6 31. Rc2 Rb4 32. Rc8+ Kh7 33. Rd2 Ra3
34. Kf1 a5 35. Ke2 a4 36. Ra8 axb3 37. Rxa3 b2 38. Rd1 b1=Q 39. Rxb1 Rxb1 40.
Rd3 Rb4 41. Kf3 Kg6 42. a3 Rb2 43. a4 Rb4 44. Ra3 Kf5 45. a5 Rb7 46. a6 Ra7 47.
Ra5+ Ke6 48. Ke4 Kd6 49. Kxd4 Kc6 50. g4 f6 51. f4 g6 52. h4 Rd7+ 53. Kc4 Ra7
54. Ra1 g5 55. fxg5 fxg5 56. h5 Kb6 57. Kd5 Ra8 58. Ke6 Ka7 59. Kf7 Rb8 60. Kg7
Rb6 61. Rf1 Rb4 62. Kxh6 Rxg4 63. Kg7 Rf4 64. h6 Rxf1 0-1

[Event "Scarborough CC Ridout mem. Swiss"]
[Site "Toronto CAN"]
[Date "2023.09.28"]
[Round "3.2"]
[White "De Costa, Benjamin"]
[Black "Lawless, David"]
[Result "1/2-1/2"]
[WhiteElo "1618"]
[BlackElo "1932"]
[PlyCount "53"]
[EventDate "2023.09.14"]
[EventType "swiss"]
[EventRounds "6"]
[EventCountry "CAN"]

1. d4 Nf6 2. c4 g6 3. Nc3 Bg7 4. e4 O-O 5. f3 d6 6. Be3 Nc6 7. Qd2 a6 8. Nge2
Rb8 9. Nc1 e5 10. d5 Nd4 11. Nb3 c5 12. dxc6 bxc6 13. Nxd4 exd4 14. Bxd4 d5 15.
cxd5 cxd5 16. e5 Re8 17. Be2 Nd7 18. f4 f6 19. exf6 Nxf6 20. O-O Ne4 21. Nxe4
dxe4 22. Rfd1 Qxd4+ 23. Qxd4 Bxd4+ 24. Rxd4 Rxb2 25. Bc4+ Kg7 26. Re1 Bf5 27.
Bxa6 1/2-1/2

[Event "Scarborough CC Ridout mem. Swiss"]
[Site "Toronto CAN"]
[Date "2023.09.28"]
[Round "3.3"]
[White "Jeyakumar, Bhavatharshan"]
[Black "Guo, Anni"]
[Result "0-1"]
[WhiteElo "1888"]
[BlackElo "1995"]
[PlyCount "82"]
[EventDate "2023.09.14"]
[EventType "swiss"]
[EventRounds "6"]
[EventCountry "CAN"]

1. e4 g6 2. d4 Bg7 3. Nc3 d6 4. Nf3 a6 5. Bc4 e6 6. O-O Ne7 7. Be3 b6 8. Qd2 h6
9. a4 Bb7 10. Rad1 Nd7 11. Rfe1 Nf6 12. Bf4 g5 13. Bg3 Nh5 14. Bb3 Ng6 15. d5
e5 16. Qe3 Qd7 17. Ne2 Ne7 18. h3 f5 19. exf5 Nxf5 20. Qe4 Nhxg3 21. Nxg3 Nxg3
22. fxg3 O-O-O 23. a5 b5 24. c4 b4 25. Rc1 c5 26. dxc6 Qxc6 27. Qf5+ Kb8 28.
Qf7 Rd7 29. Qd5 Qc7 30. Qd2 e4 31. Nh2 Qc5+ 32. Kh1 Rf8 33. Rf1 Rdf7 34. Rxf7
Rxf7 35. Rf1 Rxf1+ 36. Nxf1 Be5 37. Ne3 Bxg3 38. Nc2 Qxa5 39. Qxb4 Qf5 40. Ne3
Qf2 41. Qc3 Be5 0-1

[Event "Scarborough CC Ridout mem. Swiss"]
[Site "Toronto CAN"]
[Date "2023.09.28"]
[Round "3.4"]
[White "Wang, Nathan"]
[Black "Kola, Venkat Karthikeya R"]
[Result "0-1"]
[WhiteElo "1988"]
[BlackElo "1651"]
[PlyCount "100"]
[EventDate "2023.09.14"]
[EventType "swiss"]
[EventRounds "6"]
[EventCountry "CAN"]

1. e4 c5 2. Nc3 Nc6 3. Bb5 Nd4 4. Nf3 Nxb5 5. Nxb5 d6 6. d4 cxd4 7. Qxd4 Bd7 8.
Nc3 Nf6 9. Bg5 Bc6 10. O-O-O Qb6 11. Rhe1 Qxd4 12. Nxd4 h6 13. Bh4 g5 14. Bg3
Nd7 15. Ndb5 Bxb5 16. Nxb5 Rc8 17. Nd4 Bg7 18. Nf5 Be5 19. Bxe5 Nxe5 20. h3 h5
21. g3 g4 22. h4 Rc7 23. Re3 Kd7 24. c3 b5 25. b3 Rhc8 26. Kb2 a5 27. Nd4 Rb7
28. Ne2 a4 29. Nf4 axb3 30. axb3 Ra7 31. Ra1 Rxa1 32. Kxa1 Rh8 33. Nd3 Nf3 34.
e5 e6 35. exd6 Kxd6 36. Kb2 e5 37. Ne1 Nxe1 38. Rxe1 f5 39. Ra1 f4 40. Ra6+ Kd5
41. gxf4 exf4 42. Rg6 Ke4 43. Rd6 Kf3 44. Rd2 Re8 45. c4 bxc4 46. bxc4 g3 47.
fxg3 fxg3 48. Rd7 g2 49. Rf7+ Kg3 50. Rg7+ Kh2 0-1

[Event "Scarborough CC Ridout mem. Swiss"]
[Site "Toronto CAN"]
[Date "2023.09.28"]
[Round "3.5"]
[White "Chamberland, Luc"]
[Black "Gao, Heye"]
[Result "1/2-1/2"]
[WhiteElo "1654"]
[BlackElo "1807"]
[PlyCount "52"]
[EventDate "2023.09.14"]
[EventType "swiss"]
[EventRounds "6"]
[EventCountry "CAN"]

1. e4 e5 2. Bc4 Nf6 3. d3 Bc5 4. Nc3 Nc6 5. a3 d6 6. Na4 Bb6 7. Nxb6 axb6 8.
Ne2 Be6 9. Bxe6 fxe6 10. O-O O-O 11. f4 d5 12. fxe5 Nxe5 13. Bg5 h6 14. Bxf6
Rxf6 15. exd5 exd5 16. Qd2 Ng6 17. d4 Rxf1+ 18. Rxf1 Qd7 19. Nf4 Nxf4 20. Qxf4
Re8 21. Qf2 Re4 22. c3 Qe7 23. Qf5 c6 24. Qc8+ Kh7 25. Qf5+ Kg8 26. Qc8+ Kh7
1/2-1/2

[Event "Scarborough CC Ridout mem. Swiss"]
[Site "Toronto CAN"]
[Date "2023.09.28"]
[Round "3.6"]
[White "Wu, Nolan"]
[Black "Gebhardt, David"]
[Result "1-0"]
[WhiteElo "1994"]
[BlackElo "1767"]
[PlyCount "63"]
[EventDate "2023.09.14"]
[EventType "swiss"]
[EventRounds "6"]
[EventCountry "CAN"]

1. e4 c6 2. d4 d5 3. e5 Bf5 4. Nd2 e6 5. Nb3 Nd7 6. Be3 Ne7 7. c3 c5 8. Nxc5
Nxc5 9. dxc5 Nc6 10. Bb5 Rc8 11. f4 Be7 12. Nf3 Bh4+ 13. g3 Be7 14. Nd4 Be4 15.
Bxc6+ bxc6 16. Rf1 Qa5 17. b4 Qa6 18. a4 Qc4 19. Qb3 Qd3 20. Kf2 O-O 21. Rad1
Qa6 22. Kg1 Rb8 23. Qa2 Bd3 24. Rf2 Bc4 25. Qc2 Qb7 26. f5 Qd7 27. f6 Bd8 28.
Qd2 Qc7 29. Bh6 Qxe5 30. Bxg7 Re8 31. Nxc6 Qc7 32. Qg5 1-0

[Event "Scarborough CC Ridout mem. Swiss"]
[Site "Toronto CAN"]
[Date "2023.10.05"]
[Round "4.1"]
[White "Yang, Larry"]
[Black "Guo, Anni"]
[Result "1-0"]
[WhiteElo "2122"]
[BlackElo "1995"]
[PlyCount "63"]
[EventDate "2023.09.14"]
[EventType "swiss"]
[EventRounds "6"]
[EventCountry "CAN"]

1. e4 g6 2. d4 Bg7 3. Nc3 d6 4. Nge2 b6 5. g3 Bb7 6. Bg2 e6 7. O-O Ne7 8. Be3
Nd7 9. f4 Nf6 10. h3 d5 11. e5 Ne4 12. Nxe4 dxe4 13. Nc3 Nd5 14. Qd2 Nxc3 15.
Qxc3 Bf8 16. Qb3 Be7 17. c4 O-O 18. Rad1 Qc8 19. d5 exd5 20. cxd5 Rd8 21. g4
Ba6 22. Bxe4 Bxf1 23. Rxf1 Bc5 24. f5 Re8 25. e6 fxe6 26. dxe6 Bxe3+ 27. Qxe3
c6 28. Qh6 Qd8 29. f6 Qd4+ 30. Rf2 Re7 31. f7+ Kh8 32. f8=Q+ 1-0

[Event "Scarborough CC Ridout mem. Swiss"]
[Site "Toronto CAN"]
[Date "2023.10.05"]
[Round "4.3"]
[White "Kola, Venkat Karthikeya R"]
[Black "Lawless, David"]
[Result "0-1"]
[WhiteElo "1932"]
[BlackElo "1651"]
[PlyCount "208"]
[EventDate "2023.09.14"]
[EventType "swiss"]
[EventRounds "6"]
[EventCountry "CAN"]

1. e4 e5 2. Nf3 Nc6 3. Bb5 a6 4. Ba4 Nf6 5. O-O Nxe4 6. Re1 Nc5 7. Bxc6 dxc6 8.
Rxe5+ Ne6 9. d4 Be7 10. d5 cxd5 11. Rxd5 Bd6 12. Nc3 Qe7 13. Ne4 Bf4 14. Bxf4
Nxf4 15. Re5 Be6 16. Qd2 Ng6 17. Rc5 b6 18. Rc3 h6 19. Re1 O-O 20. Rce3 Rfd8
21. Rd3 Rxd3 22. Qxd3 Qb4 23. Qc3 Qxc3 24. Nxc3 Rd8 25. a3 Bf5 26. h4 Bxc2 27.
h5 Nf4 28. Re7 Rc8 29. Ne5 Bb3 30. Nc6 Kf8 31. Re5 f6 32. Re4 Nd5 33. Re1 Nxc3
34. bxc3 Bf7 35. g4 Be8 36. Nd4 Bd7 37. f3 Kf7 38. Kf2 c5 39. Nc2 Re8 40. Ne3
Be6 41. Rd1 Ke7 42. a4 Rd8 43. Rb1 Rd6 44. Ke2 Kd7 45. Rb2 Kc6 46. f4 Rd8 47.
Rb1 b5 48. axb5+ axb5 49. Ra1 Kb6 50. Ra3 Re8 51. Kd2 Rd8+ 52. Ke2 b4 53. cxb4
cxb4 54. Rd3 Rxd3 55. Kxd3 Kc5 56. f5 Bd5 57. Nd1 Bc4+ 58. Ke3 Kd5 59. Nb2 Bb5
60. Nd1 Kc4 61. Kd2 Kd4 62. Nf2 Bc4 63. Nd1 Ke4 64. Kc2 Kf3 65. Kd2 Bb5 66. Ne3
Ba6 67. Nd5 Kxg4 68. Nxb4 Bb7 69. Nd3 Kxf5 70. Nc5 Bf3 71. Ke3 Bxh5 72. Ne4 g5
73. Ng3+ Kg6 74. Ke4 Bg4 75. Ke3 f5 76. Nf1 f4+ 77. Kf2 Be6 78. Kf3 Kf5 79. Nh2
h5 80. Kf2 g4 81. Nf1 h4 82. Kg2 Bd5+ 83. Kg1 g3 84. Nd2 h3 85. Nf1 Kg4 86.
Nh2+ gxh2+ 87. Kxh2 Kf3 88. Kg1 h2+ 89. Kxh2 Kf2 90. Kh3 f3 91. Kh2 Ke1 92. Kg1
f2+ 93. Kh2 Bh1 94. Kxh1 f1=R+ 95. Kh2 Rf8 96. Kg3 Ke2 97. Kg4 Ke3 98. Kg3 Rg8+
99. Kh4 Kf4 100. Kh5 Rg1 101. Kh6 Kf5 102. Kh7 Kf6 103. Kh8 Kf7 104. Kh7 Rh1#
0-1

[Event "Scarborough CC Ridout mem. Swiss"]
[Site "Toronto CAN"]
[Date "2023.10.05"]
[Round "4.4"]
[White "Chamberland, Luc"]
[Black "Wu, Nolan"]
[Result "1-0"]
[WhiteElo "1654"]
[BlackElo "1994"]
[PlyCount "45"]
[EventDate "2023.09.14"]
[EventType "swiss"]
[EventRounds "6"]
[EventCountry "CAN"]

1. e4 c5 2. c3 d5 3. exd5 Qxd5 4. d4 g6 5. Nf3 Bg7 6. Be2 Nh6 7. O-O O-O 8. Na3
cxd4 9. Nxd4 Nc6 10. Bf3 Qe5 11. Re1 Qc7 12. Nxc6 bxc6 13. Qa4 Bb7 14. Bxh6
Bxh6 15. Qh4 Bg7 16. Qxe7 Qb6 17. Nc4 Qa6 18. Qc5 Rfd8 19. Ne5 Rf8 20. Be2 Qa4
21. Bc4 Bxe5 22. Rxe5 Ba6 23. b3 1-0

[Event "Scarborough CC Ridout mem. Swiss"]
[Site "Toronto CAN"]
[Date "2023.10.05"]
[Round "4.5"]
[White "Gao, Heye"]
[Black "Wu, Benjamin"]
[Result "1-0"]
[WhiteElo "1807"]
[BlackElo "1829"]
[PlyCount "95"]
[EventDate "2023.09.14"]
[EventType "swiss"]
[EventRounds "6"]
[EventCountry "CAN"]

1. e4 e6 2. d4 d5 3. Nc3 dxe4 4. Nxe4 Nd7 5. Nf3 Ngf6 6. Nxf6+ Nxf6 7. Bf4 Be7
8. Bd3 b6 9. Ne5 Bd7 10. c3 O-O 11. O-O c5 12. dxc5 Bxc5 13. Bg5 Kh8 14. Bxf6
gxf6 15. Qh5 f5 16. Rad1 Qe7 17. Nxd7 Rg8 18. Rfe1 Rg5 19. Qh6 Rag8 20. g3 R8g6
21. Qh3 Qxd7 22. Bxf5 Qxd1 23. Rxd1 Rxf5 24. Rd2 Rgf6 25. Qg2 Rxf2 26. Rxf2
Rxf2 27. Qa8+ Kg7 28. b4 Be3 29. Qe4 Rf3+ 30. Kg2 Rf2+ 31. Kh3 Bg5 32. Qd4+ Rf6
33. Kg4 Kg6 34. h4 h5+ 35. Kh3 Bh6 36. c4 Bf8 37. c5 bxc5 38. bxc5 Rf5 39. c6
Bg7 40. Qxa7 Be5 41. c7 Rf3 42. Qc5 Rxg3+ 43. Kh2 Bxc7 44. Qxc7 Re3 45. a4 Re4
46. Qc2 f5 47. Qxe4 fxe4 48. a5 1-0

[Event "Scarborough CC Ridout mem. Swiss"]
[Site "Toronto CAN"]
[Date "2023.10.05"]
[Round "4.6"]
[White "Ajith, Aarush"]
[Black "Wang, Nathan"]
[Result "1/2-1/2"]
[WhiteElo "1679"]
[BlackElo "1988"]
[PlyCount "84"]
[EventDate "2023.09.14"]
[EventType "swiss"]
[EventRounds "6"]
[EventCountry "CAN"]

1. d4 Nf6 2. c4 g6 3. g3 c6 4. Bg2 d5 5. b3 Bg7 6. Bb2 O-O 7. Nf3 a5 8. Nc3 Bf5
9. O-O Ne4 10. Nxe4 Bxe4 11. Qd2 Nd7 12. Rfd1 a4 13. Qb4 Qb6 14. Qxb6 Nxb6 15.
c5 Nd7 16. Nd2 Bxg2 17. Kxg2 Nxc5 18. b4 a3 19. Bc3 Na4 20. Nb1 Rfe8 21. e3 e5
22. dxe5 Nxc3 23. Nxc3 Bxe5 24. Rac1 Rad8 25. Na4 d4 26. exd4 Rxd4 27. Rxd4
Bxd4 28. Rc2 Re4 29. Kf3 f5 30. Nc5 Bxc5 31. bxc5 Kf7 32. Rc3 Ke6 33. Rxa3 Rb4
34. Re3+ Kd5 35. Re7 Kxc5 36. Rxh7 Kd5 37. Rg7 c5 38. Rxg6 c4 39. h4 c3 40. Ke2
Rb2+ 41. Kd3 Rxa2 42. Kxc3 Rxf2 1/2-1/2

[Event "Scarborough CC Ridout mem. Swiss"]
[Site "Toronto CAN"]
[Date "2023.10.12"]
[Round "5.1"]
[White "Lawless, David"]
[Black "Zhong, Ryan Yunhui"]
[Result "0-1"]
[WhiteElo "1932"]
[BlackElo "2035"]
[PlyCount "97"]
[EventDate "2023.09.14"]
[EventType "swiss"]
[EventRounds "6"]
[EventCountry "CAN"]

1. e4 e6 2. d3 d5 3. Nd2 c5 4. Ngf3 Nc6 5. g3 Bd6 6. Bg2 Nge7 7. O-O O-O 8. Re1
f6 9. c3 d4 10. Nc4 e5 11. Nxd6 Qxd6 12. c4 a6 13. Nh4 b5 14. b3 Rb8 15. f4 a5
16. cxb5 Rxb5 17. Qc2 Be6 18. Bh3 Nb4 19. Bxe6+ Qxe6 20. Qe2 a4 21. bxa4 Ra5
22. a3 Rxa4 23. fxe5 fxe5 24. Bg5 Rfa8 25. Bxe7 Qxe7 26. Nf5 Qc7 27. Rf1 R4a6
28. Qf3 Nc2 29. Ra2 Nxa3 30. Qg4 Kh8 31. Raf2 h6 32. Nh4 Qd6 33. Rf7 Rg8 34.
Nf5 Qg6 35. Qxg6 Rxg6 36. Ne7 Rb6 37. Nxg8 Kxg8 38. Rf8+ Kh7 39. Ra8 Rb3 40.
Ra5 c4 41. dxc4 Nxc4 42. Ra7 Nd6 43. Rd7 Nxe4 44. Rff7 Rb1+ 45. Kg2 Rb2+ 46.
Kf1 Rb1+ 47. Ke2 Rb2+ 48. Kd1 Nc3+ 49. Kc1 0-1

[Event "Scarborough CC Ridout mem. Swiss"]
[Site "Toronto CAN"]
[Date "2023.10.12"]
[Round "5.2"]
[White "Wang, Nathan"]
[Black "Chamberland, Luc"]
[Result "1-0"]
[WhiteElo "1988"]
[BlackElo "1654"]
[PlyCount "87"]
[EventDate "2023.09.14"]
[EventType "swiss"]
[EventRounds "6"]
[EventCountry "CAN"]

1. e4 e6 2. d4 d5 3. e5 c5 4. c3 Nc6 5. Nf3 Bd7 6. Be2 Nge7 7. Na3 cxd4 8. cxd4
Nc8 9. Nc2 Nb6 10. Bd2 Rc8 11. O-O a6 12. Nfe1 Na7 13. f4 Nc4 14. Ne3 Nxd2 15.
Qxd2 Qb6 16. a3 Nc6 17. Nf3 Na5 18. Rac1 Rxc1 19. Qxc1 Be7 20. b4 Nc6 21. Qd2
O-O 22. Kh1 f5 23. exf6 Bxf6 24. Ne5 Bxe5 25. dxe5 Qd4 26. Qxd4 Nxd4 27. Bg4 g6
28. Nxd5 h5 29. Nf6+ Rxf6 30. exf6 hxg4 31. Rd1 Bc6 32. Rxd4 Kf7 33. Kg1 Kxf6
34. Kf2 Bd5 35. g3 Kf5 36. Ke3 Kf6 37. Rd2 b5 38. Kd4 Bf3 39. Rd3 Be2 40. Re3
Bc4 41. Kc5 g5 42. Re5 gxf4 43. gxf4 Bd5 44. Kb6 1-0

[Event "Scarborough CC Ridout mem. Swiss"]
[Site "Toronto CAN"]
[Date "2023.10.12"]
[Round "5.3"]
[White "Guo, Anni"]
[Black "Gao, Heye"]
[Result "0-1"]
[WhiteElo "1995"]
[BlackElo "1807"]
[PlyCount "110"]
[EventDate "2023.09.14"]
[EventType "swiss"]
[EventRounds "6"]
[EventCountry "CAN"]

1. e4 e5 2. Nf3 Nc6 3. Bb5 a6 4. Bxc6 dxc6 5. O-O Bd6 6. d4 exd4 7. Qxd4 f6 8.
e5 Bxe5 9. Qxd8+ Kxd8 10. Nxe5 fxe5 11. Bg5+ Nf6 12. Re1 h6 13. Bh4 Bf5 14. Na3
Re8 15. Rad1+ Kc8 16. Nc4 Bxc2 17. Rd2 Bf5 18. Rxe5 Rxe5 19. Nxe5 Nd7 20. Nxd7
Bxd7 21. Be7 b6 22. Bf8 Be6 23. a3 g6 24. Bxh6 Kb7 25. f3 c5 26. Re2 Bc4 27.
Re7 b5 28. Bf4 Rc8 29. Bd2 Kb6 30. Rg7 Bd3 31. Rd7 Bf5 32. Re7 a5 33. g4 Bc2
34. Re2 Bd3 35. Re3 Rd8 36. Kf2 b4 37. Re1 Kb5 38. Re5 Bc4 39. Ke1 Rd5 40. Rxd5
Bxd5 41. f4 Be6 42. g5 Ka4 43. Kd1 Kb3 44. Kc1 a4 45. Be3 bxa3 46. bxa3 Kxa3
47. Bxc5+ Kb3 48. Bd4 a3 49. Be5 c5 50. Kd2 c4 51. Bf6 Bf5 52. Be5 Bd3 53. Bf6
Ka2 54. Be7 Kb2 55. Bf6+ Kb1 0-1

[Event "Scarborough CC Ridout mem. Swiss"]
[Site "Toronto CAN"]
[Date "2023.10.12"]
[Round "5.4"]
[White "Bossy, John"]
[Black "Sharpe, Sam"]
[Result "0-1"]
[WhiteElo "1946"]
[BlackElo "1838"]
[PlyCount "84"]
[EventDate "2023.09.14"]
[EventType "swiss"]
[EventRounds "6"]
[EventCountry "CAN"]

1. d4 d5 2. c4 c6 3. Nf3 Nf6 4. Nc3 e6 5. Bg5 h6 6. Bxf6 Qxf6 7. e3 Nd7 8. Rc1
g6 9. Bd3 Bg7 10. O-O O-O 11. Qe2 Re8 12. Rfd1 dxc4 13. Bxc4 e5 14. d5 Nb6 15.
Bb3 cxd5 16. Nxd5 Nxd5 17. Bxd5 Qb6 18. Qc4 Be6 19. Bxe6 Rxe6 20. Qd5 Ree8 21.
h4 Rad8 22. Qe4 Rxd1+ 23. Rxd1 Qxb2 24. Rb1 Qxa2 25. Rxb7 a5 26. Ra7 Rb8 27. h5
Qb1+ 28. Qxb1 Rxb1+ 29. Kh2 Ra1 30. hxg6 fxg6 31. Nh4 a4 32. Nxg6 a3 33. Ne7+
Kf8 34. Nf5 Bf6 35. Nxh6 a2 36. Kg3 Rh1 37. Ra8+ Kg7 38. Nf5+ Kg6 39. Rxa2 Kxf5
40. f4 Bh4+ 41. Kf3 Rf1+ 42. Ke2 Rf2+ 0-1

[Event "Scarborough CC Ridout mem. Swiss"]
[Site "Toronto CAN"]
[Date "2023.10.12"]
[Round "5.5"]
[White "Ajith, Aarush"]
[Black "Jeyakumar, Bhavatharshan"]
[Result "1/2-1/2"]
[WhiteElo "1679"]
[BlackElo "1888"]
[PlyCount "80"]
[EventDate "2023.09.14"]
[EventType "swiss"]
[EventRounds "6"]
[EventCountry "CAN"]

1. e4 c5 2. Nf3 d6 3. d4 cxd4 4. Nxd4 Nf6 5. Nc3 a6 6. Bg5 e6 7. f4 Be7 8. Qf3
Qc7 9. O-O-O b5 10. a3 Bb7 11. f5 e5 12. Bxf6 Bxf6 13. Nb3 Nd7 14. g4 Nb6 15.
Na5 O-O-O 16. h4 h6 17. Bg2 Kb8 18. Qg3 Ba8 19. g5 Be7 20. Rhf1 Rc8 21. f6 gxf6
22. gxf6 Rhg8 23. Qh2 Na4 24. Bh3 Nxc3 25. Bxc8 Nxd1 26. fxe7 Rxc8 27. Kxd1
Qxa5 28. Rxf7 Bxe4 29. Rf8 Bc6 30. Qf2 b4 31. Rxc8+ Kxc8 32. Qf8+ Kb7 33. e8=Q
Bxe8 34. Qe7+ Qc7 35. Qxe8 bxa3 36. bxa3 Qc6 37. Qf7+ Kb6 38. Qb3+ Kc7 39. Qf7+
Kb6 40. Qb3+ Kc7 1/2-1/2

[Event "Scarborough CC Ridout mem. Swiss"]
[Site "Toronto CAN"]
[Date "2023.10.12"]
[Round "5.6"]
[White "Gebhardt, David"]
[Black "Desikan, Ajith"]
[Result "0-1"]
[WhiteElo "1767"]
[BlackElo "1648"]
[PlyCount "67"]
[EventDate "2023.09.14"]
[EventType "swiss"]
[EventRounds "6"]
[EventCountry "CAN"]

1. e4 c5 2. Nf3 d6 3. c3 Nf6 4. Qc2 e6 5. d4 Be7 6. Nbd2 O-O 7. Bd3 h6 8. O-O
Nc6 9. dxc5 dxc5 10. Nc4 Qc7 11. Be3 b5 12. Ncd2 c4 13. Be2 Ng4 14. a4 Nxe3 15.
fxe3 Qb6 16. axb5 Qxe3+ 17. Kh1 Nb4 18. cxb4 Qxe2 19. Ne5 Bxb4 20. Nexc4 Bb7
21. Rae1 Qh5 22. Qa4 Bxd2 23. Nxd2 Rfb8 24. Nb3 Bc8 25. b6 axb6 26. Qe8+ Kh7
27. Rxf7 Qg6 28. Rf8 Qxe8 29. Rxe8 Bd7 30. Rxb8 Rxb8 31. Rd1 Ba4 32. Rd3 Rc8
33. Kg1 Kg6 34. Rg3+ 0-1

[Event "Scarborough CC Ridout mem. Swiss"]
[Site "Toronto CAN"]
[Date "2023.10.19"]
[Round "6.1"]
[White "Yang, Larry"]
[Black "Lawless, David"]
[Result "1-0"]
[WhiteElo "2122"]
[BlackElo "1932"]
[PlyCount "69"]
[EventDate "2023.09.14"]
[EventType "swiss"]
[EventRounds "6"]
[EventCountry "CAN"]

1. e4 e5 2. Nf3 Nc6 3. Bc4 Bc5 4. c3 Nf6 5. d4 exd4 6. e5 Ne4 7. Bd5 Nxf2 8.
Kxf2 dxc3+ 9. Kg3 O-O 10. Nxc3 a6 11. Ne4 Ba7 12. Bf4 d6 13. exd6 Qd7 14. h3
cxd6 15. Qd2 Ne7 16. Nh4 Nf5+ 17. Nxf5 Qxf5 18. Nxd6 Qg6+ 19. Kh2 Be6 20. Bxe6
fxe6 21. Bg3 Rad8 22. Qe2 Bb8 23. Ne4 Rd4 24. Rhf1 Rxf1 25. Qxf1 Bxg3+ 26. Nxg3
Rd2 27. Rd1 Qc2 28. Rxd2 Qxd2 29. Qe2 Qd6 30. Qe4 b5 31. Qg4 Qe5 32. b3 Kf7 33.
Qe4 Qd6 34. Qxh7 a5 35. Qh5+ 1-0

[Event "Scarborough CC Ridout mem. Swiss"]
[Site "Toronto CAN"]
[Date "2023.10.19"]
[Round "6.2"]
[White "Sharpe, Sam"]
[Black "Wang, Nathan"]
[Result "1/2-1/2"]
[WhiteElo "1838"]
[BlackElo "1988"]
[PlyCount "30"]
[EventDate "2023.09.14"]
[EventType "swiss"]
[EventRounds "6"]
[EventCountry "CAN"]

1. f4 d5 2. Nf3 Nf6 3. e3 c5 4. b3 Nc6 5. Bb5 Bd7 6. Bxc6 Bxc6 7. O-O e6 8. Bb2
Be7 9. d3 O-O 10. Nbd2 d4 11. e4 Ng4 12. Nc4 b5 13. Nce5 Nxe5 14. Nxe5 Qc7 15.
Nxc6 Qxc6 1/2-1/2

[Event "Scarborough CC Ridout mem. Swiss"]
[Site "Toronto CAN"]
[Date "2023.10.19"]
[Round "6.3"]
[White "Chamberland, Luc"]
[Black "Jeyakumar, Bhavatharshan"]
[Result "0-1"]
[WhiteElo "1654"]
[BlackElo "1888"]
[PlyCount "76"]
[EventDate "2023.09.14"]
[EventType "swiss"]
[EventRounds "6"]
[EventCountry "CAN"]

1. e4 c5 2. c3 d5 3. exd5 Qxd5 4. d4 cxd4 5. cxd4 Nc6 6. Nf3 Bg4 7. Be2 e6 8.
O-O Nf6 9. Nc3 Qa5 10. a3 Be7 11. Be3 a6 12. b4 Qc7 13. Qb3 Rc8 14. Rac1 O-O
15. h3 Bh5 16. Rfd1 Qb8 17. d5 exd5 18. Nxd5 Nxd5 19. Qxd5 Bg6 20. Bb6 Bf6 21.
Qb3 Rfe8 22. Bd3 Bh5 23. Bc4 Re7 24. Re1 Qf4 25. Be3 Qb8 26. g4 Bg6 27. Bg5
Bxg5 28. Nxg5 Qf4 29. Ne6 fxe6 30. Bxe6+ Bf7 31. Bxf7+ Rxf7 32. Rc2 Rcf8 33.
Qd5 Rd8 34. Qg2 Nd4 35. Rc3 Ne2+ 36. Rxe2 Rd1+ 37. Qf1 Rxf1+ 38. Kxf1 Qh2 0-1